Culture and capture of fish in Chinese reservoirs / (Record no. 224)

MARC details
000 -LEADER
fixed length control field 01164nam a22003377a 4500
001 - CONTROL NUMBER
control field 2114919
005 - DATE AND TIME OF LATEST TRANSACTION
control field 20230306105139.0
008 - FIXED-LENGTH DATA ELEMENTS--GENERAL INFORMATION
fixed length control field 230306b |||||||| |||| 00| 0 eng d
010 ## - LIBRARY OF CONGRESS CONTROL NUMBER
LC control number 96155919
020 ## - INTERNATIONAL STANDARD BOOK NUMBER
International Standard Book Number 9839054112 (Southbound)
020 ## - INTERNATIONAL STANDARD BOOK NUMBER
International Standard Book Number 0889367493 (IDRC)
035 ## - SYSTEM CONTROL NUMBER
System control number (OCoLC)34240211
040 ## - CATALOGING SOURCE
Original cataloging agency BarBU
Transcribing agency BarBU
Modifying agency DLC
042 ## - AUTHENTICATION CODE
Authentication code lccopycat
043 ## - GEOGRAPHIC AREA CODE
Geographic area code a-cc---
050 04 - LIBRARY OF CONGRESS CALL NUMBER
Classification number SH 297
Item number .L496 1995
100 1# - MAIN ENTRY--PERSONAL NAME
Personal name Li, Ssu-fa.
245 10 - TITLE STATEMENT
Title Culture and capture of fish in Chinese reservoirs /
Statement of responsibility, etc. Li Sifa and Xu Senlin.
260 ## - PUBLICATION, DISTRIBUTION, ETC.
Place of publication, distribution, etc. Penang, Malaysia :
Name of publisher, distributor, etc. Southbound ;
Place of publication, distribution, etc. Ottawa, ON :
Name of publisher, distributor, etc. International Development Research Centre,
Date of publication, distribution, etc. c1995.
300 ## - PHYSICAL DESCRIPTION
Extent x, 128 p. :
Other physical details ill., map ;
Dimensions 26 cm.
504 ## - BIBLIOGRAPHY, ETC. NOTE
Bibliography, etc. note Includes bibliographical references.
650 #0 - SUBJECT ADDED ENTRY--TOPICAL TERM
Topical term or geographic name entry element Fish culture
Geographic subdivision China.
650 #0 - SUBJECT ADDED ENTRY--TOPICAL TERM
Topical term or geographic name entry element Reservoirs
Geographic subdivision China.
650 #0 - SUBJECT ADDED ENTRY--TOPICAL TERM
Topical term or geographic name entry element Fisheries
Geographic subdivision China.
650 #0 - SUBJECT ADDED ENTRY--TOPICAL TERM
Topical term or geographic name entry element Freshwater fishes
Geographic subdivision China.
700 1# - ADDED ENTRY--PERSONAL NAME
Personal name Hsü, Sen-lin.
710 2# - ADDED ENTRY--CORPORATE NAME
Corporate name or jurisdiction name as entry element International Development Research Centre (Canada)
906 ## - LOCAL DATA ELEMENT F, LDF (RLIN)
a 7
b cbc
c copycat
d 2
e ncip
f 19
g y-gencatlg
942 ## - ADDED ENTRY ELEMENTS (KOHA)
Source of classification or shelving scheme Library of Congress Classification
Koha item type Non-Fiction
Suppress in OPAC No
Holdings
Withdrawn status Lost status Source of classification or shelving scheme Damaged status Not for loan Collection Home library Current library Shelving location Date acquired Source of acquisition Total Checkouts Full call number Barcode Date last seen Date last checked out Price effective from Koha item type
    Library of Congress Classification     Non-fiction Kapasa Makasa University Kapasa Makasa University Open Access 06.03.2023 Donation 1 SH 157.7 Sif 1995 727357 20.03.2023 06.03.2023 06.03.2023 Non-Fiction